Wird geladen...
Colin Paterson and his Medical Report of Travancore (1842)
| 1. Verfasser: | |
|---|---|
| Format: | Printed Book |
| Veröffentlicht: |
JOURNAL OF KERALA STUDIES
2006
|
| Schlagworte: | |
| Online Zugang: | http://10.26.1.76/ks/005191.pdf |
| LEADER | 00500nam a22001337a 4500 | ||
|---|---|---|---|
| 100 | |a Achuthsankar S. Nair and Catherine Logan |9 23878 | ||
| 245 | |a Colin Paterson and his Medical Report of Travancore (1842) | ||
| 260 | |b JOURNAL OF KERALA STUDIES |c 2006 | ||
| 300 | |a pp 82-113 |b Vol. XXXIII, 2006 | ||
| 650 | |a SWATHI THIRUNAL; |a MEDICAL REPORT; |9 23879 | ||
| 856 | |u http://10.26.1.76/ks/005191.pdf | ||
| 942 | |c KS | ||
| 999 | |c 75712 |d 75712 | ||
| 952 | |0 0 |1 0 |4 0 |7 0 |9 67696 |a MGUL |b MGUL |d 2015-11-28 |l 0 |r 2015-11-28 |w 2015-11-28 |y KS | ||